00367nam a2200109Ia 4500008004100000245014400041260002000185260000900205300000900214500002100223650001300244170224s9999 xx 000 0 und d aInvesting in nursing and midwifery enterprise to empower women and strengthen health services: and systems: An emerging global body of work bNursing Outlook c2016 a64:1 aJanuary-February xNursing.